Aurora

Salvato in:
Dettagli Bibliografici
Autore principale: Nietzsche, Friedrich (Nietzsche, Federico) (autor)
Natura: Libro
Lingua:spagnolo
Pubblicazione: Buenos Aires Ediciones del Mediodía 1967
Soggetti:
Tags: Aggiungi Tag
Nessun Tag, puoi essere il primo ad aggiungerne!!

MARC

LEADER 00000cam a2200000 a 4500
001 UCF7718
003 CL-VaPUC
008 130704e19670000AG |||||||||||||||||spa|d
082 0 4 |a 193  |b NIE  |2 21 
100 |a Nietzsche, Friedrich  |q (Nietzsche, Federico)  |e autor  |9 569817 
245 1 0 |a Aurora 
300 |a 255 p 
942 |c BK 
945 |d 20130704 00:00:00  |a dcastane 
260 |a Buenos Aires  |b Ediciones del Mediodía  |c 1967 
650 0 |a Filosofía alemana   |9 265002 
650 7 |a FILOSOFOS ALEMANES  |2 CL-VaPUC  |9 569818 
650 0 |a Ética  |9 255099 
583 |a last modification  |c 20130704 11:43:00  |k Rodrigo Vera 
999 |c 352514  |d 352512 
952 |0 0  |1 0  |4 0  |6 193_000000000000000_NIE_1967  |7 0  |8 A  |9 457064  |a BIBART  |b BIBART  |d 2019-11-22  |i 4985028  |o 193 NIE 1967  |p 4985028  |r 2025-03-13  |w 2019-11-22  |y BK  |k ART